Biblioteca de Religión, o sea colección de obras contra la incredulidad y errores de estos últimos tiempos

Shranjeno v:
Bibliografske podrobnosti
Glavni avtor: Mennais, Jean-Marie de la (autor)
Format: Knjiga
Jezik:španščina
Izdano: París A. Bouret y Morel 1846
Izdaja:1a. ed
Teme:
Oznake: Označite
Brez oznak, prvi označite!

MARC

LEADER 00000cam a2200000 a 4500
001 UCD2688
003 CL-VaPUC
008 160505e18460000fr |||||||||||||||||spa|d
082 0 4 |a 239  |b MEN  |2 21 
100 |a Mennais, Jean-Marie de la  |e autor  |9 586044 
245 1 0 |a Biblioteca de Religión, o sea colección de obras contra la incredulidad y errores de estos últimos tiempos 
250 |a 1a. ed 
300 |a t 
942 |c BK 
945 |d 20160505 16:04:00  |a dcastane 
260 |a París  |b A. Bouret y Morel  |c 1846 
650 0 |a Apologética  |9 269349 
650 0 |a Religión católica   |9 399371 
583 |a last modification  |c 20160505 16:04:00  |k Rodrigo Vera 
999 |c 363810  |d 363808 
952 |0 0  |1 0  |3 erd  |4 0  |6 239_000000000000000_MEN_1846  |7 0  |8 X  |9 476565  |a BIBTEO  |b BIBTEO  |c TEO_FFR  |h t.1  |i 5230659  |o 239 MEN 1846  |p 5230659  |r 2024-01-18  |w 2019-11-24  |y BK_X  |z Catalogado en:20160505  |k OFM 
952 |0 0  |1 0  |3 erd  |4 0  |6 239_000000000000000_MEN_1846  |7 0  |8 X  |9 476566  |a BIBTEO  |b BIBTEO  |c TEO_FFR  |h t.2  |i 5230667  |o 239 MEN 1846  |p 5230667  |r 2024-01-18  |w 2019-11-24  |y BK_X  |z Catalogado en:20160505  |k OFM 
952 |0 0  |1 0  |3 erd  |4 0  |6 239_000000000000000_MEN_1846  |7 0  |8 X  |9 476567  |a BIBTEO  |b BIBTEO  |c TEO_FFR  |h t.3  |i 5230675  |o 239 MEN 1846  |p 5230675  |r 2024-01-18  |w 2019-11-24  |y BK_X  |z Catalogado en:20160505  |k OFM 
952 |0 0  |1 0  |3 erd  |4 0  |6 239_000000000000000_MEN_1846  |7 0  |8 X  |9 476568  |a BIBTEO  |b BIBTEO  |c TEO_FFR  |h t.4  |i 5230683  |o 239 MEN 1846  |p 5230683  |r 2024-01-18  |w 2019-11-24  |y BK_X  |z Catalogado en:20160505  |k OFM 
952 |0 0  |1 0  |3 erd  |4 0  |6 239_000000000000000_MEN_1846  |7 0  |8 X  |9 476569  |a BIBTEO  |b BIBTEO  |c TEO_FFR  |h t.5  |i 5230691  |o 239 MEN 1846  |p 5230691  |r 2024-01-18  |w 2019-11-24  |y BK_X  |z Catalogado en:20160505  |k OFM 
952 |0 0  |1 0  |3 erd  |4 0  |6 239_000000000000000_MEN_1846  |7 0  |8 X  |9 476570  |a BIBTEO  |b BIBTEO  |c TEO_FFR  |h t.6  |i 5230705  |o 239 MEN 1846  |p 5230705  |r 2024-01-18  |w 2019-11-24  |y BK_X  |z Catalogado en:20160505  |k OFM 
952 |0 0  |1 0  |3 erd  |4 0  |6 239_000000000000000_MEN_1846  |7 0  |8 X  |9 476571  |a BIBTEO  |b BIBTEO  |c TEO_FFR  |h t.7  |i 5230713  |o 239 MEN 1846  |p 5230713  |r 2024-01-18  |w 2019-11-24  |y BK_X  |z Catalogado en:20160505  |k OFM 
952 |0 0  |1 0  |3 erd  |4 0  |6 239_000000000000000_MEN_1846  |7 0  |8 X  |9 476572  |a BIBTEO  |b BIBTEO  |c TEO_FFR  |h t.8  |i 5230721  |o 239 MEN 1846  |p 5230721  |r 2024-01-18  |w 2019-11-24  |y BK_X  |z Catalogado en:20160505  |k OFM 
952 |0 0  |1 0  |3 erd  |4 0  |6 239_000000000000000_MEN_1846  |7 0  |8 X  |9 476573  |a BIBTEO  |b BIBTEO  |c TEO_FFR  |h t.9  |i 523073K  |o 239 MEN 1846  |p 523073K  |r 2024-01-18  |w 2019-11-24  |y BK_X  |z Catalogado en:20160505  |k OFM 
952 |0 0  |1 0  |3 erd  |4 0  |6 239_000000000000000_MEN_1846  |7 0  |8 X  |9 476574  |a BIBTEO  |b BIBTEO  |c TEO_FFR  |h t.10  |i 5230748  |o 239 MEN 1846  |p 5230748  |r 2024-01-18  |w 2019-11-24  |y BK_X  |z Catalogado en:20160505  |k OFM